000 00561nam a22001697a 4500
005 20230303032444.0
008 230303b |||||||| |||| 00| 0 eng d
020 _a978-971-9983-10-1
082 _aFil. 338.9 L732 2013
100 _aLim, Romeo D.
_eauthor
245 _aEcotourism:
_bwith tourism planning and development essentials /
_cRomeo D. Lim
260 _aManila:
_bMindshapers,
_cc2013.
300 _ax, 300p.;
_bill.
504 _aIncludes bibliographical references
541 _e4282
650 _aTourist trade - Economic conditions - Philippines
999 _c1546
_d1546